World Languages by Letter - B - Statistics

General Stats
  • This quiz has been taken 456 times
  • The average score is 10 of 16
Answer Stats
Clue Language % Correct
Spoken in parts of Spain and France, it is not closely related to any other language Basque
94%
Was historically called "White Russian" Belarusian
94%
Official language of Myanmar Burmese
93%
Linguists count it as a single language with Croatian, Serbian and Montenegrin Bosnian
91%
First language to use the Cyrillic alphabet Bulgarian
85%
The nickname for the cinema that produces movies in this language is called "Tollywood" Bengali
79%
The language group of the indigenous people of Maghreb that is also known as "Amazigh" Berber
79%
Only living Celtic language in mainland Europe Breton
70%
Most spoken language in Denpasar or Indonesia's Hindu island Balinese
54%
Mainly spoken in a Pakistani province that ends in "stan" Balochi
52%
Main language of Bashkortostan or language of the fourth-largest ethnic group in Russia Bashkir
47%
Germanic language, with namesake of a dark-red color, that went extinct in the 6th century Burgundian
34%
Vanuatu's national anthem, "Yumi, Yumi, Yumi" is written in it Bislama
32%
Most spoken language in Mali Bambara
28%
Second-most widely spoken language in Uttar Pradesh or Bihar Bhojpuri
28%
About 28,5% of the Zambian population speak this language, the largest by far Bemba
12%
No matching quizzes found
Score Distribution
Percent of People with Each Score
Percentile by Number Answered
Your Score History
You have not taken this quiz